Les infections biliaires : (etude bacteriologique & clinique)
Αποθηκεύτηκε σε:
| Κύριος συγγραφέας: | |
|---|---|
| Μορφή: | Βιβλίο |
| Γλώσσα: | French |
| Δημοσίευση: |
Paris :
G. Steinheil,
1891
|
| Θέματα: | |
| Ετικέτες: |
Προσθήκη ετικέτας
Δεν υπάρχουν, Καταχωρήστε ετικέτα πρώτοι!
|
MARC
| LEADER | 00000cam a2200000 a 4500 | ||
|---|---|---|---|
| 001 | 1/107615 | ||
| 008 | 150722s1891####fr | ||| |||| ||fre|| | ||
| 040 | |a GR-MyUa |b gre |c GR-MyUa |e AACR2 | ||
| 041 | 0 | |a fre | |
| 082 | 7 | |a 617.556 |2 (23) | |
| 100 | 1 | |a Dupre, Ernest, |d 1862-1921. | |
| 245 | 1 | 0 | |a Les infections biliaires : |b (etude bacteriologique & clinique) / |c par Le Dr Ernest Dupre. |
| 260 | |a Paris : |b G. Steinheil, |c 1891 | ||
| 300 | |a 210 σ. ; |c 26 εκ. | ||
| 650 | 0 | |a Biliary tract | |
| 852 | |a INST |b SAMOS |c MOR |e 20150722 |h 617.556 DUP |p 005300042450 |q 005300042450 |t NOLOAN |y 23 | ||
| 970 | |a Κοσιέρης |b Χρήστος |z 22-07-2015 | ||